000 00444nam a2200181Ia 4500
001 2053
005 20260306143814.0
008 260306t2016||||xx |||||||||||||| ||spa||
041 _aESP
082 _a611.8
_bM588
100 _aMtui, Estomih
_eAUT
245 0 _aFitzgerald neuroanatomía clínica y neurociencia
260 _c2016
300 _axvii, 382 páginas :
_c27 cm.
650 _aGEN
654 _aCCS
942 _cLIB
_dJUS
_fJUS
_2ddc
_n
999 _c2053
_d2053